| 000 | 00362 a2200121 4500 | ||
|---|---|---|---|
| 001 | ART_11698 | ||
| 005 | 20260410161859.0 | ||
| 008 | 260409a | ||
| 245 | 1 | 0 | _aThe polítical economy of a tax reform |
| 100 | 1 | _aBruno, Michael | |
| 700 | 1 | _aBen-Porath, Yoram | |
| 773 | 0 |
_tJournal of public economics _g- Vol. 7, Nº 3 (jun. 1977) _wREV11485 |
|
| 999 |
_c25749 _d25749 |
||